| 000 | 01682nam a2200265Ia 4500 | ||
|---|---|---|---|
| 001 | 15566 | ||
| 003 | GE_BSU | ||
| 008 | 181216s||||||||xx |||||||||||||| ||und|| | ||
| 020 | _a978-99940-53-50-6 | ||
| 040 | _cGE_BSU | ||
| 080 | _a821.353.1-1 | ||
| 100 | _aჩოხელი, გ. (გოდერძი, 1954-2007) | ||
| 245 | _aმე" და მე | ||
| 245 | _bლექსების კრებული | ||
| 245 | _cშემდგ.-რედ. ელენე სალარიძე | ||
| 260 | _aთბილისი | ||
| 260 | _bპალიტრა L | ||
| 260 | _c2007 | ||
| 300 | _a192 გვ. ; 20 სმ | ||
| 653 | _aბოლო არ უჩანს ამ სოფელს; ***როგორ თანდათან მაწვალებს; წასვლა; თოვლიან ტყეში მწიფე ძახველი; ნიბლია; თერგი; საქართველოსთვის!; ობლობა; ***სთქვი და აასრულე, გოდერძი ჩოხელო; აპეურები; ნატირალი და სხვ | ||
| 653 | _aთხოვნა; შემინახე, დედაო მიწავ!; ნუ გეშინია; სიხარული; ნაცნობი გაკვეთილი; მიყვარხარ, ჭრელო პეპელავ; სამოთხის კარი გამიღეს; "მე" და მე; ქართველების გადაფრენა | ||
| 653 | _aლექსების კრებული | ||
| 653 | _aმე" და მე | ||
| 942 | _cBK | ||
| 999 |
_c48666 _d48666 |
||